000 00499nam a2200181Ia 4500
008 090123s9999 xx 000 0 und d
082 _b14698
_a891.463/शेळके
100 _aशेळके उध्दव ज.
245 _aबाप
250 _a1
260 _bसरस साहित्य
300 _a203
600 _aशेळके उध्दव ज.
630 _aबाप
700 _aशेळके उध्दव ज.
730 _aबाप
942 _cBOOK
999 _c52759
_d52759